Principios de modificación de conducta / A. Bandura ; Julián Almaraz, Traductor (Registro nro. 32264)
[ vista simple ]
| 000 -LÍDER | |
|---|---|
| Campo fijo de descripción fija | 009250000a22002170004500 |
| 020 ## - NÚMERO INTERNACIONAL NORMALIZADO PARA LIBROS | |
| Número Internacional Normalizado del libro | 84-301-0930-7 |
| 041 0# - CÓDIGO DE IDIOMA | |
| Código de idioma para texto/pista de sonido o título separado | |
| 082 04 - NÚMERO DE CLASIFICACIÓN DECIMAL DEWEY | |
| Número de clasificación | G 150.13 B2148p |
| 001 - NÚMERO DE CONTROL | |
| Campo de control | 830 |
| 100 1# - ASIENTO PRINCIPAL--NOMBRE PERSONAL | |
| Nombre personal | Bandura, A. (Albert) (1925-) |
| 245 10 - TÍTULO | |
| Título del Material | Principios de modificación de conducta / A. Bandura ; Julián Almaraz, Traductor |
| 260 ## - PUBLICACIÓN, DISTRIBUCIÓN, ETC. (PIE DE IMPRENTA) | |
| Lugar de publicación, distribución, etc. | Salamanca, España : Sígueme |
| 300 ## - DESCRIPCIÓN FÍSICA | |
| Extensión | 641 Pag. |
| 336 ## - CONTENT TYPE | |
| Content type term | texto |
| Content type code | txt |
| Source | rdacontent |
| 337 ## - MEDIA TYPE | |
| Source | rdamedia |
| Media type term | sin mediación |
| Media type code | n |
| 338 ## - CARRIER TYPE | |
| Source | rdacarrier |
| Carrier type term | volumen |
| Carrier type code | nc |
| 500 ## - NOTA GENERAL | |
| Nota General | Título original : Principles of behavior modification |
| 505 00 - NOTA DE CONTENIDO | |
| Nota de contenido con formato preestablecido | procesos causales -- valores y objetivos --procesos vicarios y de modelado -- control positivo -- control aversivo -- extinción -- desensibilización mediante contra condicionamiento -- contra condicionamiento aversivo -- control simbólico de los cambios de conducta |
| 650 14 - ASIENTO SECUNDARIO DE MATERIA - TERMINO TEMÁTICO | |
| Término temático o nombre geográfico como elemento de entrada | TERAPIA CONDUCTUAL \ CAMBIO DE PERSONALIDAD |
| 942 ## - TIPO DE MATERIAL (KOHA) | |
| Tipo de Item KOHA | Libros General |
| Estado de Material | Estado de Perdido | Estado de Dañado | No para Préstamo | Colección | Tomo | Biblioteca de Origen | Biblioteca Permanente | Fecha de Adquisición | Total de Préstamos | Signatura Topográfica | Código de Barras | Última vez visto | Ejemplar/Existencia | Fecha de Remplazo | Tipo de Material |
|---|---|---|---|---|---|---|---|---|---|---|---|---|---|---|---|
| Colección General | Biblioteca FUSBC | Biblioteca FUSBC | 27/09/2004 | G 150.13 B2148p | 330 | 12/12/2019 | 1 | 26/01/2016 | Libros General |
